Kavganın yüzü 2023 (Record no. 8513)

MARC details
000 -BAŞLIK
Sabit Uzunlukta Kontrol Alanı 00818na a2200277 4500
001 - KONTROL NUMARASI
Denetim Alanı 16202
003 - KONTROL NUMARASI IDENTIFIER
Denetim Alanı MIRAKIL
005 - SON İŞLEM TARİHİ VE ZAMANI
Denetim Alanı 20181213155215.0
008 - SABİT-BOY VERİ ELEMANLARI - GENEL BİLGİLER
Sabit Uzunlukta Kontrol Alanı 161002b tu 000 0
020 ## - ULUSLARARASI STANDART KİTAP NUMARASI
Uluslararası Standart Kitap Numarası 9786051480619
035 ## - SİSTEM KONTROL NUMARASI
Sistem Kontrol Numarası 16202
040 ## - KATALOGLAMA KAYNAK
Orijinal Kataloglama Ajansı Milas
Kataloglama Dili tur
Metne Dönüştürmek Ajansı TR-AnCHP
082 ## - DEWEY ONLU SINIFLANDIRMA NUMARASI
Sınıflandırma Numarası 320.9561
Ürün Numarası A23k 2013
090 ## - SINIFLAMA NUMARASI
Sınıflama Numarası 320.9561 A23k 2013
100 ## - ANA GİRİŞ - KİŞİSEL İSİM
Kişisel Ad Kılıç, Adem
245 ## - BAŞLIK TABLOSU
Başlık Kavganın yüzü 2023
Sorumluluk Tablosu, Vb Adem Kılıç, Doğancan Oktay
260 ## - YAYIN, DAĞITIM, VB
Yayın, Dağıtım, Vb Yeri İstanbul
Yayıncı, Dağıtıcı, Vs Adı Sokak Kitapları yayınları
Yayın, Dağıtım, Vb Tarihi 2013
300 ## - FİZİKSEL TANIM
Kapsam 480 s.
Boyutlar 19 sm.
650 ## - KONU KATMA GİRİŞ - TOPİKAL DÖNEM
Topikal Süreli Veya Coğrafi Ad Giriş Elemanı Siyaset ve yönetim
Genel Alt Bölümü Tarih ve eleştiri
Kronolojik Alt Bölümü Denemeler
Coğrafi Alt Bölümü Türkiye
650 ## - KONU KATMA GİRİŞ - TOPİKAL DÖNEM
Topikal Süreli Veya Coğrafi Ad Giriş Elemanı Siyasal cinayetler
Coğrafi Alt Bölümü Türkiye
651 ## - KONU KATMA GİRİŞ - COĞRAFİ ADI
Coğrafi İsim Türkiye
Genel Alt Bölümü Siyasal tarih
Kronolojik Alt Bölümü Denemeler
700 ## - KATMA GİRİŞ - KİŞİSEL İSİM
Kişisel Ad Oktay, Doğancan
942 ## - EKLENDİ GİRİŞ ELEMANLARI (KOHA)
Sınıflandırma Veya Raf Düzeni Kaynak Dewey Decimal Classification
Koha Öğesi Türü Books
999 ## - SİSTEM KONTROL NUMARALARI (KOHA)
Koha Biblionumber 8513
Koha Biblioitemnumber 8513
657 ## - INDEX SÜRE - İŞLEVİ
-- Siyasi denemeler
657 ## - INDEX SÜRE - İŞLEVİ
-- Hedef 2023
Holdings
Kalıcı Konum Mevcut Konum Edinme Tarihi Edinim Kaynak Toplam Check-Out'Lar Tam Çağrı Numarası Barkod Tarih Son Görülme İtibaren Geçerli Fiyatlar Koha Öğesi Türü
CHP Kütüphanesi CHP Kütüphanesi 09/30/2016 Bağış   320.9561 A23k 2013 004428 09/30/2016 09/30/2016 Books